Austrian EPL Goalscorers Quiz Stats

 Plays Quiz not verified by Sporcle

Support Sporcle.
Go Orange.
Score 0/8 Timer 02:00
0 Plays Today
Goals Player % Correct
38Marko Arnautovic
81%
21Paul Scharner
74.6%
2Christian Fuchs
72.2%
17Andreas Weimann
57.4%
4Emmanuel Pogatetz
45.7%
3Sebastian Prodl
45%
23Ashley Barnes
33.3%
1Stefan Maierhofer
29.7%

You're not logged in!

Compare scores with friends on all Sporcle quizzes.
OR
Log In

From the Vault

Criteria Sorting Gallery: Famous Names

by biggs364

If you choose Clark Kent as a Grammy-winning pop singer, don't say we didn't warn you.
Remove Ads.
Support Sporcle.
Get the best of Sporcle when you Go Orange. This ad-free experience offers more features, more stats, and more fun while also helping to support Sporcle. Thank you for becoming a member.

Show Comments

Extras

Top Quizzes Today


Score Distribution

Your Account Isn't Verified!

In order to create a playlist on Sporcle, you need to verify the email address you used during registration. Go to your Sporcle Settings to finish the process.

Report this User

Report this user for behavior that violates our Community Guidelines.

Details: